[Event "Titled Tuesday intern op 16th Apr Early"]
[Site "Chess.com INT"]
[Date "2024.04.16"]
[Round "11"]
[White "Bielinski, Dariusz"]
[Black "Sai Agni, Jeevitesh J"]
[Result "0-1"]
[WhiteElo "2135"]
[BlackElo "2274"]
[PlyCount "74"]
[EventDate "2024.04.16"]
[EventType "swiss (blitz)"]
[EventRounds "11"]
[EventCountry "USA"]
[SourceTitle "CB17_2024"]
[SourceDate "2024.04.24"]
[SourceVersion "1"]
[SourceVersionDate "2024.04.24"]
[SourceQuality "1"]

1. d4 d5 2. c4 c6 3. Nf3 Nf6 4. e3 Bf5 5. Nc3 e6 6. Nh4 Be4 7. f3 Bg6 8. Qb3 Qc7 9. Nxg6 hxg6 10. Bd2 a5 11. cxd5 Nxd5 12. Nxd5 exd5 13. 0-0-0 a4 14. Qc2 a3 15. b3 Be7 16. e4 dxe4 17. fxe4 Rxh2 18. Rxh2 Qxh2 19. d5 Bf6 20. Bc3 Nd7 21. dxc6 bxc6 22. Bc4 Bxc3 23. Qxc3 Ne5 24. Rd2 Nxc4 25. Qxc4 Rc8 26. Kc2 Qe5 27. Qd3 Qb2+ 28. Kd1 Qa1+ 29. Ke2 Kf8 30. Qh3 Re8 31. Qh8+ Ke7 32. Qh4+ Qf6 33. Qg4 Rd8 34. Rxd8 Kxd8 35. Qh3 Qb2+ 36. Kd3 Qb1+ 37. Kc4 Qxa2 0-1

[Event "Titled Tuesday intern op 02nd Apr Early"]
[Site "Chess.com INT"]
[Date "2024.04.02"]
[Round "6"]
[White "Aaditya, Dhingra"]
[Black "Bielinski, Dariusz"]
[Result "1-0"]
[WhiteElo "2495"]
[BlackElo "2135"]
[PlyCount "115"]
[EventDate "2024.04.02"]
[EventType "swiss (blitz)"]
[EventRounds "11"]
[EventCountry "USA"]
[SourceTitle "CB15_2024"]
[SourceDate "2024.04.10"]
[SourceVersion "1"]
[SourceVersionDate "2024.04.10"]
[SourceQuality "1"]

1. c4 g6 2. Nc3 Bg7 3. b3 c5 4. Bb2 Nc6 5. g3 e6 6. Bg2 Nge7 7. Nf3 0-0 8. 0-0 b6 9. e3 Bb7 10. d4 cxd4 11. Nxd4 Na5 12. Bxb7 Nxb7 13. Qf3 d5 14. cxd5 Nxd5 15. Nxd5 Qxd5 16. Qxd5 exd5 17. Rfd1 Rac8 18. Rac1 Nc5 19. Ba3 Rfd8 20. Ne2 h5 21. Nf4 d4 22. Bxc5 bxc5 23. e4 Bh6 24. Rc4 Bxf4 25. gxf4 a5 26. f3 Rd6 27. Kf2 Kg7 28. Rg1 Rb6 29. f5 Rb4 30. Rc2 a4 31. bxa4 Rxa4 32. fxg6 fxg6 33. Rd1 Ra3 34. Rxd4 cxd4 35. Rxc8 Rxa2+ 36. Kg3 d3 37. Rd8 Rd2 38. h4 Kf6 39. f4 Rd1 40. Kf3 Rh1 41. Rxd3 Rh3+ 42. Ke2 Rxh4 43. Rd6+ Kf7 44. Ke3 Rh3+ 45. Kd4 h4 46. Ke5 Rf3 47. Rd7+ Kg8 48. Rd6 Kg7 49. Rd7+ Kg8 50. Ra7 h3 51. Ra2 Kg7 52. Ra1 Kh6 53. Rh1 Kh5 54. Rg1 h2 55. Rh1 Rf2 56. f5 gxf5 57. exf5 Kg5 58. f6 1-0

[Event "Titled Tuesday intern op 02nd Apr Early"]
[Site "Chess.com INT"]
[Date "2024.04.02"]
[Round "8"]
[White "Kuchava, Ana"]
[Black "Bielinski, Dariusz"]
[Result "1/2-1/2"]
[WhiteElo "2101"]
[BlackElo "2135"]
[PlyCount "116"]
[EventDate "2024.04.02"]
[EventType "swiss (blitz)"]
[EventRounds "11"]
[EventCountry "USA"]
[SourceTitle "CB15_2024"]
[SourceDate "2024.04.10"]
[SourceVersion "1"]
[SourceVersionDate "2024.04.10"]
[SourceQuality "1"]

1. d4 d6 2. Nf3 g6 3. c4 Bg7 4. Nc3 e5 5. e4 Bg4 6. d5 h5 7. Be2 Bxf3 8. Bxf3 Bh6 9. g3 Nd7 10. Bg2 Kf8 11. 0-0 Kg7 12. f4 Ne7 13. f5 f6 14. fxg6 h4 15. Ne2 Nxg6 16. Qd3 Nc5 17. Qf3 Bxc1 18. Raxc1 h3 19. Bh1 a5 20. Qe3 Qe7 21. Bf3 b6 22. Bg4 Rh6 23. Rf3 Rf8 24. Rcf1 Nh8 25. Kh1 Nf7 26. Bxh3 Ng5 27. Bg2 Nxf3 28. Qxf3 Rfh8 29. g4 Rxh2+ 30. Kg1 R2h4 31. Ng3 Qf7 32. Nf5+ Kf8 33. Nxh4 Rxh4 34. Qxf6 Qxf6 35. Rxf6+ Kg7 36. Rf1 Rxg4 37. Kf2 Nxe4+ 38. Bxe4 Rxe4 39. Rg1+ Kf7 40. Rh1 Kg7 41. Rg1+ Kf8 42. b3 Rf4+ 43. Ke2 Rf7 44. Rh1 Ke7 45. Rh6 Kd7 46. Ke3 c6 47. dxc6+ Kxc6 48. Rh8 Kc5 49. Rc8+ Kb4 50. Rb8 Ka3 51. Rxb6 Rd7 52. Ra6 Kxa2 53. Rxa5+ Kxb3 54. c5 dxc5 55. Rxc5 Kb4 56. Rxe5 Rc7 57. Re4+ Rc4 58. Rxc4+ Kxc4 1/2-1/2

[Event "Ustron op-B"]
[Site "Ustron"]
[Date "2022.08.17"]
[Round "6"]
[White "Malik, Maciej"]
[Black "Bielinski, Dariusz"]
[Result "0-1"]
[WhiteElo "1932"]
[BlackElo "2121"]
[PlyCount "100"]
[EventDate "2022.08.12"]
[EventType "swiss"]
[EventRounds "9"]
[EventCountry "POL"]
[SourceTitle "CBM 209 Extra"]
[Source "ChessBase"]
[SourceDate "2022.09.30"]
[SourceVersion "1"]
[SourceVersionDate "2022.09.30"]
[SourceQuality "1"]

1. e4 d6 2. d4 g6 3. Nc3 Bg7 4. f4 a6 5. a4 Nf6 6. Nf3 c5 7. d5 0-0 8. Bc4 e6 9. 0-0 exd5 10. Bxd5 Nxd5 11. Qxd5 Nc6 12. Be3 Be6 13. Qd2 Qb6 14. Rab1 Rad8 15. Nd5 Bxd5 16. Qxd5 Ne7 17. Qc4 Qc6 18. a5 Qb5 19. Nd2 Rfe8 20. Rfe1 Nc6 21. Qd5 Qxa5 22. Nc4 Qc7 23. Rbd1 Nb4 24. Qd2 d5 25. exd5 Rxd5 26. Qf2 b5 27. Ne5 Bxe5 28. fxe5 Rdxe5 29. Bh6 Qe7 30. Rxe5 Qxe5 31. Rd7 Qe6 32. Rd1 Qe7 33. h4 Nc6 34. c3 f6 35. Qf3 Ne5 36. Qg3 Nf7 37. Bf4 Kg7 38. Kh2 h6 39. Bd6 Qe2 40. Rd3 c4 41. Rf3 Qe6 42. Bc5 Ne5 43. Rf4 h5 44. Rd4 Ng4+ 45. Kh3 Rc8 46. Rd6 Qf5 47. Bd4 Nf2+ 48. Kh2 Ne4 49. Rxf6 Nxf6 50. Qd6 Rf8 0-1

[Event "Wroclaw op-A"]
[Site "Wroclaw"]
[Date "2021.08.06"]
[Round "7"]
[White "Bielinski, Dariusz"]
[Black "Quinn, Rory"]
[Result "1-0"]
[WhiteElo "2143"]
[BlackElo "2109"]
[PlyCount "79"]
[EventDate "2021.08.01"]
[EventType "swiss"]
[EventRounds "9"]
[EventCountry "POL"]
[SourceTitle "CBM 203 Extra"]
[Source "ChessBase"]
[SourceDate "2021.09.30"]
[SourceVersion "1"]
[SourceVersionDate "2021.09.30"]
[SourceQuality "1"]

1. Nf3 d5 2. e3 Nf6 3. c4 c6 4. Nc3 g6 5. d4 Bg7 6. Bd3 dxc4 7. Bxc4 0-0 8. h3 Nfd7 9. e4 b5 10. Bb3 Na6 11. 0-0 b4 12. Na4 c5 13. Bd5 Rb8 14. Bf4 e6 15. Bxb8 Ndxb8 16. Bc4 cxd4 17. Rc1 Bb7 18. Qd3 Qa5 19. b3 Nd7 20. Bb5 Rd8 21. Bxd7 Rxd7 22. Rfd1 f5 23. exf5 gxf5 24. Re1 Qd5 25. Qc4 e5 26. Nxe5 Qxc4 27. Rxc4 Rd8 28. Nb2 Be4 29. Nbd3 Bh6 30. f3 Ba8 31. Nc6 Rf8 32. Nxd4 Rd8 33. Ne5 Bd5 34. Rc2 Bf8 35. Nxf5 Nc5 36. Ng4 Kf7 37. Rd1 Ne6 38. Rcd2 Bc5+ 39. Kh2 Nf4 40. Nge3 1-0

[Event "Rubinstein Memorial-A 53rd"]
[Site "Polanica Zdroj"]
[Date "2017.08.24"]
[Round "6"]
[White "Kyc, Jerzy"]
[Black "Bielinski, Dariusz"]
[Result "1/2-1/2"]
[WhiteElo "2251"]
[BlackElo "2073"]
[PlyCount "86"]
[EventDate "2017.08.19"]
[EventType "swiss"]
[EventRounds "9"]
[EventCountry "POL"]
[SourceTitle "CBM 180 Extra"]
[Source "ChessBase"]
[SourceDate "2017.10.06"]
[SourceVersion "1"]
[SourceVersionDate "2017.10.06"]
[SourceQuality "1"]

1. e4 g6 2. d4 Bg7 3. Nf3 d6 4. Bc4 e6 5. 0-0 Ne7 6. Nc3 a6 7. a4 b6 8. Re1 Nd7 9. Bf4 Bb7 10. Qd2 h6 11. h3 Nf6 12. Rad1 Qd7 13. Bb3 b5 14. axb5 axb5 15. d5 e5 16. Bxe5 dxe5 17. Nxe5 Qd8 18. d6 Qxd6 19. Qxd6 cxd6 20. Nxf7 Bc6 21. Nxh8 Bxh8 22. Rxd6 Kf8 23. Red1 Ne8 24. Rd8 Bxc3 25. bxc3 Bxe4 26. Rxa8 Bxa8 27. Rd8 Bc6 28. c4 bxc4 29. Bxc4 Kg7 30. f4 h5 31. g4 hxg4 32. hxg4 Nf6 33. Be6 Bd5 34. Bd7 Kf7 35. g5 Nh5 36. Be8+ Ke6 37. Bd7+ Kf7 38. Be8+ Ke6 39. Bxg6 Nxf4 40. Bd3 Nh3+ 41. Kh2 Nxg5 42. Kg3 Nf7 43. Rf8 Ke5 1/2-1/2

[Event "EU-ch rapid"]
[Site "Wroclaw"]
[Date "2014.12.21"]
[Round "10"]
[White "Gdanski, Jacek"]
[Black "Bielinski, Dariusz"]
[Result "0-1"]
[WhiteElo "2500"]
[BlackElo "2178"]
[PlyCount "116"]
[EventDate "2014.12.20"]
[EventType "swiss (rapid)"]
[EventRounds "11"]
[EventCountry "POL"]
[SourceTitle "CBM 164 Extra"]
[Source "ChessBase"]
[SourceDate "2015.03.02"]
[SourceVersion "1"]
[SourceVersionDate "2015.03.02"]
[SourceQuality "1"]

1. e4 c5 2. Nc3 e6 3. Nf3 a6 4. d4 cxd4 5. Nxd4 Qc7 6. Bd3 Nf6 7. 0-0 d6 8. a4 b6 9. f4 Bb7 10. Qe2 Nbd7 11. Kh1 Be7 12. Bd2 0-0 13. Rae1 Nc5 14. e5 Nfd7 15. Bxh7+ Kxh7 16. b4 dxe5 17. fxe5 Qxe5 18. Qxe5 Nxe5 19. Rxe5 Nd7 20. Rh5+ Kg8 21. Nce2 Nf6 22. Rh3 Rac8 23. Bg5 Nd5 24. Bxe7 Nxe7 25. c3 e5 26. Nf3 f6 27. Kg1 Rfd8 28. Kf2 Rd3 29. a5 b5 30. Rc1 Nd5 31. Ne1 Rxh3 32. gxh3 Kf7 33. Nd3 Rc4 34. Nc5 Bc8 35. Rd1 Nxc3 36. Nxc3 Rxc3 37. Rd8 Bxh3 38. Nxa6 e4 39. Nc5 e3+ 40. Kg3 e2+ 41. Kf2 Bg4 42. Nd3 Ke7 43. Rd4 f5 44. h3 Bh5 45. Rd5 g6 46. Nf4 Rf3+ 47. Kxe2 Rxf4+ 48. Kd3 Rxb4 49. Kc3 Rc4+ 50. Kb3 Rh4 51. Rxb5 Rxh3+ 52. Kb4 Bf3 53. a6 Rh8 54. a7 Ra8 55. Ra5 Kf6 56. Kc5 g5 57. Kd4 g4 58. Ke3 Kg5 0-1

[Event "EU-ch rapid"]
[Site "Wroclaw"]
[Date "2014.12.20"]
[Round "6"]
[White "Djuric, Stefan"]
[Black "Bielinski, Dariusz"]
[Result "1-0"]
[WhiteElo "2402"]
[BlackElo "2178"]
[PlyCount "105"]
[EventDate "2014.12.20"]
[EventType "swiss (rapid)"]
[EventRounds "11"]
[EventCountry "POL"]
[SourceTitle "CBM 164 Extra"]
[Source "ChessBase"]
[SourceDate "2015.03.02"]
[SourceVersion "1"]
[SourceVersionDate "2015.03.02"]
[SourceQuality "1"]

1. d4 Nf6 2. c4 c5 3. d5 b5 4. cxb5 a6 5. b6 Qxb6 6. Nc3 d6 7. Nf3 g6 8. Nd2 Bg7 9. Nc4 Qc7 10. e4 0-0 11. Be2 Nbd7 12. 0-0 Rb8 13. Bf4 Rd8 14. Qd2 Nb6 15. Na3 Nfd7 16. Bh6 Bh8 17. Rac1 Nf6 18. h3 e6 19. Bg5 exd5 20. exd5 Re8 21. Rfe1 Bb7 22. Bf3 Qd7 23. b3 Rxe1+ 24. Rxe1 Re8 25. Rd1 Re5 26. Bf4 Re8 27. Rb1 Qc7 28. Rc1 Nfd7 29. Nab1 Ne5 30. Be2 f5 31. Bf1 Qf7 32. Rd1 Bf6 33. a4 Qc7 34. Bg5 Bg7 35. Bh6 Bf6 36. Bg5 Bg7 37. Kh1 Nf7 38. Bf4 Bf6 39. f3 Re7 40. Bh2 Qd8 41. Bg1 Bg5 42. f4 Bf6 43. Kh2 Kg7 44. Na3 Nh6 45. Nc4 Nc8 46. a5 Ng8 47. Na4 Kh8 48. b4 cxb4 49. Qxb4 Bg7 50. Nab6 Nf6 51. Nxc8 Bxc8 52. Nxd6 Ne4 53. Nxc8 1-0

[Event "POL-chT 69th"]
[Site "Poland"]
[Date "2013.09.14"]
[Round "7.1"]
[White "Schmidt, Wlodzimierz"]
[Black "Bielinski, Dariusz"]
[Result "1/2-1/2"]
[WhiteElo "2370"]
[BlackElo "2240"]
[PlyCount "130"]
[EventDate "2013.05.24"]
[EventType "team-tourn"]
[EventRounds "9"]
[EventCountry "POL"]
[SourceTitle "EXT 2014"]
[Source "ChessBase"]
[SourceDate "2013.11.20"]
[SourceVersion "1"]
[SourceVersionDate "2013.11.20"]
[SourceQuality "1"]
[WhiteTeam "Poznan Politechnika"]
[BlackTeam "Kozuchow Odrodzenie"]
[WhiteTeamCountry "POL"]
[BlackTeamCountry "POL"]

1. d4 Nf6 2. c4 c5 3. d5 b5 4. cxb5 a6 5. bxa6 g6 6. Nc3 Bxa6 7. g3 d6 8. Nf3 Bg7 9. Bg2 0-0 10. 0-0 Nfd7 11. Qc2 Nb6 12. Rd1 Nc4 13. Nd2 Nxd2 14. Bxd2 Nd7 15. b3 Qc7 16. Rab1 Rfb8 17. Be1 Ra7 18. Rdc1 Qb7 19. a4 Qc8 20. Nd1 Qd8 21. Ne3 Bc8 22. h3 Rba8 23. a5 Ba6 24. Kh2 Rb7 25. f4 Rab8 26. Be4 Bd4 27. Nc4 Nf6 28. Bf3 Nd7 29. e4 Qf8 30. Bd2 Rc7 31. Re1 Qg7 32. Be2 Qf8 33. Na3 Bxe2 34. Rxe2 Qc8 35. Nc4 Qb7 36. Bc3 Bxc3 37. Qxc3 Qb4 38. Qd3 f6 39. Re3 Rcb7 40. Qe2 Qb5 41. Rd1 Qa6 42. Rdd3 Rb4 43. Rc3 Qa8 44. h4 Rxc4 45. bxc4 Qxa5 46. Ra3 Qc7 47. Reb3 Kf7 48. Qb2 Rxb3 49. Qxb3 g5 50. Qb5 gxf4 51. gxf4 f5 52. exf5 Qd8 53. Qb2 Nf6 54. Qe2 Qb8 55. Re3 Qb7 56. h5 h6 57. Qg2 Kf8 58. Qe2 Qd7 59. Re6 Qb7 60. Kg2 Qa7 61. Qb2 Kf7 62. Qe2 Kf8 63. Kh3 Qa3+ 64. Re3 Qa1 65. Kg2 Qa7 1/2-1/2

[Event "POL-chT 69th"]
[Site "Poland"]
[Date "2013.05.25"]
[Round "2"]
[White "Gajek, Radoslaw"]
[Black "Bielinski, Dariusz"]
[Result "0-1"]
[WhiteElo "2309"]
[BlackElo "2240"]
[PlyCount "150"]
[EventDate "2013.05.24"]
[EventType "team-tourn"]
[EventRounds "9"]
[EventCountry "POL"]
[SourceTitle "CBM 154 Extra"]
[Source "ChessBase"]
[SourceDate "2013.06.25"]
[SourceVersion "2"]
[SourceVersionDate "2013.06.25"]
[SourceQuality "1"]
[WhiteTeam "Grudziadz"]
[BlackTeam "Kozuchow Odrodzenie"]
[WhiteTeamCountry "POL"]
[BlackTeamCountry "POL"]

1. e4 c5 2. Nf3 e6 3. d4 cxd4 4. Nxd4 a6 5. c4 Nf6 6. Nc3 Qc7 7. a3 d6 8. Be2 Nbd7 9. Be3 Be7 10. 0-0 b6 11. Rc1 Bb7 12. f3 0-0 13. Qd2 Rac8 14. b4 Rfe8 15. Nb3 Qb8 16. Kh1 h5 17. Na4 Bc6 18. Nb2 h4 19. Nd3 Bd8 20. Bf2 h3 21. gxh3 d5 22. cxd5 exd5 23. Bg3 Qa8 24. e5 Ne4 25. Qe1 Nxg3+ 26. Qxg3 Bb5 27. f4 Rc4 28. Rg1 g6 29. Bf3 a5 30. f5 Nf8 31. fxg6 Nxg6 32. Rxc4 Bxc4 33. Nbc1 Kf8 34. Nf4 Qc6 35. e6 Rxe6 36. Nxe6+ Qxe6 37. Re1 Qf6 38. Be2 axb4 39. axb4 Be7 40. Rf1 Qe6 41. Bxc4 dxc4 42. b5 Bd6 43. Qf2 Nf4 44. Qf3 Qe5 45. Na2 Qxb5 46. Nc3 Qe8 47. Ne4 Be5 48. Ng5 Qe7 49. Rg1 Qc7 50. Qa8+ Ke7 51. Re1 Ne6 52. Qa3+ Nc5 53. Qf3 f6 54. Qf5 Qc6+ 55. Kg1 Nd3 56. Qh7+ Kd8 57. Nf7+ Kc8 58. Qg8+ Kc7 59. Qd8+ Kb7 60. Qe7+ Qc7 61. Qxc7+ Kxc7 62. Re4 b5 63. Nxe5 fxe5 64. Kf1 c3 65. Re2 b4 66. Rc2 Kd6 67. h4 Nf4 68. Ke1 Kd5 69. Kd1 Kd4 70. Ra2 Kd3 71. Rf2 b3 72. Rf3+ Kd4 73. h5 Nd3 74. Ke2 e4 75. Rf8 b2 0-1

[Event "Guben op 16th"]
[Site "Guben"]
[Date "2013.01.04"]
[Round "6"]
[White "Knuth, Hannes"]
[Black "Bielinski, Dariusz"]
[Result "0-1"]
[WhiteElo "2357"]
[BlackElo "2220"]
[PlyCount "74"]
[EventDate "2013.01.02"]
[EventType "swiss"]
[EventRounds "7"]
[EventCountry "GER"]
[SourceTitle "EXT 2014"]
[Source "ChessBase"]
[SourceDate "2013.11.20"]
[SourceVersion "1"]
[SourceVersionDate "2013.11.20"]
[SourceQuality "1"]

1. d4 Nf6 2. c4 c5 3. d5 b5 4. cxb5 a6 5. e3 g6 6. Nc3 Bg7 7. Nf3 d6 8. e4 0-0 9. Rb1 Qa5 10. Bd2 axb5 11. Nxb5 Qxa2 12. Na3 Ba6 13. Bxa6 Rxa6 14. Ng5 h6 15. Bc3 hxg5 16. Ra1 Rxa3 17. Rxa2 Rxa2 18. f3 Nbd7 19. 0-0 Rb8 20. Qb1 Ra7 21. Qc1 Nh7 22. Bxg7 Kxg7 23. g3 Rab7 24. Rf2 Rb3 25. f4 gxf4 26. gxf4 Nhf6 27. Re2 R8b4 28. f5 Ne5 29. fxg6 fxg6 30. Qb1 Rd3 31. Qa2 Rd1+ 32. Kg2 Rxe4 33. Rxe4 Nxe4 34. Qa8 Rd2+ 35. Kf1 Rf2+ 36. Ke1 Nd3+ 37. Kd1 Rd2# 0-1

[Event "Guben op 16th"]
[Site "Guben"]
[Date "2013.01.02"]
[Round "2"]
[White "Heinemann, Josefine"]
[Black "Bielinski, Dariusz"]
[Result "1/2-1/2"]
[WhiteElo "1902"]
[BlackElo "2220"]
[PlyCount "117"]
[EventDate "2013.01.02"]
[EventType "swiss"]
[EventRounds "7"]
[EventCountry "GER"]
[SourceTitle "EXT 2014"]
[Source "ChessBase"]
[SourceDate "2013.11.20"]
[SourceVersion "1"]
[SourceVersionDate "2013.11.20"]
[SourceQuality "1"]

1. e4 c5 2. Nf3 e6 3. d4 cxd4 4. Nxd4 a6 5. Bd3 Bc5 6. Be3 d6 7. 0-0 Nf6 8. Nc3 0-0 9. e5 dxe5 10. Nxe6 Bxe6 11. Bxc5 Re8 12. Ne4 Nbd7 13. Be3 Nxe4 14. Bxe4 Qc7 15. c3 Nf6 16. Bf3 Rad8 17. Qc2 Bg4 18. Be2 Rd7 19. f3 Nd5 20. Bf2 Bh5 21. Rfd1 Red8 22. Qb3 Qc6 23. Bf1 Bg6 24. Bh4 f6 25. Bf2 Bf7 26. Qc2 Nf4 27. Rxd7 Qxd7 28. Bb6 Rc8 29. Rd1 Qe6 30. Be3 Qxa2 31. Bxf4 exf4 32. Qf5 Be6 33. Qe4 Qb3 34. Re1 Bd5 35. Qxf4 Qxb2 36. Qf5 Rd8 37. Bd3 Qb6+ 38. Kh1 g6 39. Qg4 Bf7 40. Bc4 Qc7 41. Bxf7+ Qxf7 42. h4 Kg7 43. Qb4 Rd7 44. c4 Rc7 45. c5 Qd7 46. Qc4 b6 47. Qxa6 bxc5 48. Rc1 Qd5 49. Qa5 Qe5 50. Re1 Qg3 51. Re4 Rd7 52. Qa4 Rb7 53. Qc2 Qb8 54. Re1 Qd6 55. Rd1 Qe5 56. Qc4 Rb4 57. Rd7+ Kh6 58. Rxh7+ Kxh7 59. Qf7+ 1/2-1/2

[Event "POL-chT 2nd League"]
[Site "Lazy"]
[Date "2012.09.08"]
[Round "8"]
[White "Mickiewicz, Piotr"]
[Black "Bielinski, Dariusz"]
[Result "1-0"]
[WhiteElo "2363"]
[BlackElo "2215"]
[PlyCount "51"]
[EventDate "2012.09.01"]
[EventType "team-swiss"]
[EventRounds "9"]
[EventCountry "POL"]
[SourceTitle "EXT 2019"]
[Source "ChessBase"]
[SourceDate "2018.10.10"]
[SourceVersion "1"]
[SourceVersionDate "2018.10.10"]
[SourceQuality "1"]
[WhiteTeam "Wroclaw KS Polonia"]
[BlackTeam "Lubsko Caissa"]
[WhiteTeamCountry "POL"]
[BlackTeamCountry "POL"]

1. e4 c5 2. Nf3 e6 3. d4 cxd4 4. Nxd4 a6 5. Bd3 Bc5 6. Nb3 Be7 7. f4 d6 8. Nc3 Qc7 9. 0-0 Nd7 10. Qe2 Ngf6 11. Bd2 0-0 12. Rae1 e5 13. Nd5 Nxd5 14. exd5 Bf6 15. Kh1 Nc5 16. Nxc5 Qxc5 17. Qe4 g6 18. Bb4 Qb6 19. Bxd6 Bf5 20. Qb4 Qxb4 21. Bxb4 Bxd3 22. cxd3 Rfe8 23. Bc3 Rac8 24. fxe5 Rxc3 25. bxc3 Rxe5 26. d4 1-0

[Event "POL-chT 2nd League"]
[Site "Lazy"]
[Date "2012.09.04"]
[Round "4"]
[White "Bielinski, Dariusz"]
[Black "Plichta, Kamil"]
[Result "1-0"]
[WhiteElo "2215"]
[BlackElo "2195"]
[PlyCount "67"]
[EventDate "2012.09.01"]
[EventType "team-swiss"]
[EventRounds "9"]
[EventCountry "POL"]
[SourceTitle "EXT 2019"]
[Source "ChessBase"]
[SourceDate "2018.10.10"]
[SourceVersion "1"]
[SourceVersionDate "2018.10.10"]
[SourceQuality "1"]
[WhiteTeam "Lubsko Caissa"]
[BlackTeam "Gostynin Gostmat 83"]
[WhiteTeamCountry "POL"]
[BlackTeamCountry "POL"]

1. e4 c5 2. Nf3 g6 3. d4 cxd4 4. Nxd4 Nc6 5. c4 Nf6 6. Nc3 d6 7. Be2 Nxd4 8. Qxd4 Bg7 9. Bg5 0-0 10. Qd2 Be6 11. Rc1 Qa5 12. b3 Rfc8 13. f3 a6 14. Nd5 Qxd2+ 15. Kxd2 Bxd5 16. cxd5 Kf8 17. Rxc8+ Rxc8 18. Rc1 Rxc1 19. Kxc1 Nd7 20. Kc2 Be5 21. g3 Bd4 22. b4 Bg1 23. h3 Bf2 24. g4 Ke8 25. Bd2 f6 26. b5 axb5 27. Bxb5 g5 28. Ba5 Ba7 29. Bc7 Be3 30. Kd3 Bf2 31. e5 fxe5 32. Ke4 Kf7 33. Bxd7 Kf6 34. a4 1-0

[Event "POL-chT 2nd League"]
[Site "Lazy"]
[Date "2012.09.01"]
[Round "1"]
[White "Najbar, Marcin"]
[Black "Bielinski, Dariusz"]
[Result "1-0"]
[WhiteElo "2199"]
[BlackElo "2215"]
[PlyCount "107"]
[EventDate "2012.09.01"]
[EventType "team-swiss"]
[EventRounds "9"]
[EventCountry "POL"]
[SourceTitle "EXT 2019"]
[Source "ChessBase"]
[SourceDate "2018.10.10"]
[SourceVersion "1"]
[SourceVersionDate "2018.10.10"]
[SourceQuality "1"]
[WhiteTeam "Chroscice LZS Victoria"]
[BlackTeam "Lubsko Caissa"]
[WhiteTeamCountry "POL"]
[BlackTeamCountry "POL"]

1. e4 c5 2. Nf3 e6 3. d4 cxd4 4. Nxd4 a6 5. Bd3 Bc5 6. Nb3 Be7 7. 0-0 d6 8. Nc3 Nf6 9. Kh1 Qc7 10. f4 Nbd7 11. Be3 b5 12. a4 b4 13. Nb1 Bb7 14. N1d2 e5 15. fxe5 dxe5 16. Qf3 0-0 17. Qg3 Kh8 18. Rf5 g6 19. Rff1 Nh5 20. Qg4 Kg7 21. Nc4 Nc5 22. Nxc5 Bxc5 23. Bd2 Rad8 24. b3 Rd4 25. Qg5 f6 26. Qh6+ Kh8 27. Rae1 Rf7 28. Bc1 Bf8 29. Qe3 Bc5 30. Qh6 Rd8 31. Re2 Bf8 32. Qe3 Nf4 33. Ree1 Bc5 34. Qg3 g5 35. Qg4 h5 36. Qf3 h4 37. Ne3 Bxe3 38. Bxe3 Nxd3 39. cxd3 Kg7 40. Rd1 Qe7 41. h3 Qe6 42. Bc5 a5 43. Qf2 Ba6 44. Qe3 Rfd7 45. Rf5 Rxd3 46. Rxd3 Rxd3 47. Qf2 Rxb3 48. Bf8+ Kg6 49. Qa7 Qf7 50. Be7 Rb1+ 51. Kh2 Qb3 52. Rxf6+ Kh5 53. Rh6+ Kxh6 54. Bf8+ 1-0

[Event "Guben op 15th"]
[Site "Guben"]
[Date "2012.01.05"]
[Round "7"]
[White "Meskovs, Nikita"]
[Black "Bielinski, Dariusz"]
[Result "1-0"]
[WhiteElo "2293"]
[BlackElo "2214"]
[PlyCount "65"]
[EventDate "2012.01.02"]
[EventType "swiss"]
[EventRounds "9"]
[EventCountry "GER"]
[SourceTitle "CBM 146 Extra"]
[Source "ChessBase"]
[SourceDate "2012.02.29"]
[SourceVersion "1"]
[SourceVersionDate "2012.02.29"]
[SourceQuality "1"]

1. d4 d6 2. Nf3 Nf6 3. c4 g6 4. Nc3 Bg7 5. e4 0-0 6. h3 e5 7. d5 a5 8. g4 Na6 9. Bg5 Nc5 10. Nd2 Bd7 11. Qf3 a4 12. Be2 Qe7 13. Qe3 Rfb8 14. 0-0 Be8 15. Rfb1 b6 16. b4 axb3 17. axb3 Qf8 18. b4 Nb7 19. Qf3 Qe7 20. Nb5 Bxb5 21. cxb5 h6 22. Bh4 Kh7 23. Ra6 Rc8 24. Rba1 Rab8 25. Nc4 Qd8 26. Ne3 Qh8 27. Bd3 Kg8 28. Qd1 Ne8 29. Bg3 Bf8 30. Qa4 Qf6 31. Kg2 Qd8 32. Ra7 Be7 33. Qa6 1-0

[Event "POL-chT 2nd League"]
[Site "Mrzezyno"]
[Date "2011.09.06"]
[Round "4"]
[White "Staroszczyk, Mateusz"]
[Black "Bielinski, Dariusz"]
[Result "1/2-1/2"]
[WhiteElo "2053"]
[BlackElo "2211"]
[PlyCount "97"]
[EventDate "2011.09.03"]
[EventType "team-swiss"]
[EventRounds "9"]
[EventCountry "POL"]
[SourceTitle "EXT 2015"]
[Source "ChessBase"]
[SourceDate "2014.11.20"]
[SourceVersion "1"]
[SourceVersionDate "2014.11.20"]
[SourceQuality "1"]
[WhiteTeam "Zielonka Zieloni"]
[BlackTeam "Lubsko Caissa"]
[WhiteTeamCountry "POL"]
[BlackTeamCountry "POL"]

1. e4 c5 2. Nf3 e6 3. d4 cxd4 4. Nxd4 a6 5. Nc3 Qc7 6. Bd3 Nf6 7. 0-0 Bc5 8. Nb3 Be7 9. f4 d6 10. Qe2 Nbd7 11. Kh1 b5 12. a3 Bb7 13. Bd2 0-0 14. Rae1 e5 15. f5 Rfe8 16. Rf3 Bf8 17. Rg3 d5 18. Bg5 dxe4 19. Nxe4 Nxe4 20. Bxe4 Bxe4 21. Qxe4 f6 22. Bd2 Nc5 23. Nxc5 Qxc5 24. Bb4 Qa7 25. Bxf8 Rxf8 26. Rd1 Rac8 27. Rgd3 Rxc2 28. Rd8 Rc8 29. Qd5+ Qf7 30. Qxf7+ Kxf7 31. R8d7+ Kg8 32. g4 Rf7 33. Rd8+ Rxd8 34. Rxd8+ Rf8 35. Rd7 Rc8 36. Ra7 h6 37. Rxa6 Rc1+ 38. Kg2 Rc2+ 39. Kf3 Rxb2 40. h4 Rb3+ 41. Kg2 e4 42. h5 Kf8 43. a4 b4 44. Rb6 Rb2+ 45. Kg3 e3 46. a5 Ra2 47. a6 e2 48. Kf2 b3 49. Rxb3 1/2-1/2

[Event "POL-chT 2nd League"]
[Site "Mrzezyno"]
[Date "2011.09.04"]
[Round "2"]
[White "Sopur, Lech"]
[Black "Bielinski, Dariusz"]
[Result "1-0"]
[WhiteElo "2422"]
[BlackElo "2211"]
[PlyCount "63"]
[EventDate "2011.09.03"]
[EventType "team-swiss"]
[EventRounds "9"]
[EventCountry "POL"]
[SourceTitle "EXT 2015"]
[Source "ChessBase"]
[SourceDate "2014.11.20"]
[SourceVersion "1"]
[SourceVersionDate "2014.11.20"]
[SourceQuality "1"]
[WhiteTeam "Gdynia Korsarz"]
[BlackTeam "Lubsko Caissa"]
[WhiteTeamCountry "POL"]
[BlackTeamCountry "POL"]

1. d4 Nf6 2. c4 g6 3. Nc3 Bg7 4. e4 0-0 5. Be2 d6 6. Be3 e5 7. d5 c6 8. g4 cxd5 9. cxd5 Qa5 10. f3 Na6 11. Qd2 Ne8 12. Nb5 Qxd2+ 13. Kxd2 Nac7 14. Nxa7 Bd7 15. b4 f5 16. g5 Rf7 17. Rc1 Bf8 18. b5 Rxa7 19. Bxa7 Nxb5 20. Bxb5 Bxb5 21. Rc8 fxe4 22. fxe4 Rf1 23. h4 Ra1 24. Rc2 Ng7 25. Rh3 Nh5 26. Rb3 Ba6 27. Nh3 Rh1 28. Rf3 Rf1 29. Bf2 b6 30. Rc7 Ra1 31. Ra3 Bf1 32. Ng1 1-0